[Event "C.to Provinciale CO"]
[Site "Como ITA"]
[Date "1999.02.19"]
[Round "6"]
[White "Petetta, Roberto"]
[Black "Grassetto, Gilberto"]
[Result "1-0"]
[WhiteElo "1494"]
[BlackElo "1561"]
[PlyCount "60"]
[EventDate "1999.01.15"]

1. d4 b6 2. c4 Bb7 3. Nc3 e6 4. e4 g6 5. Nf3 Bg7 6. Be2 Ne7 7. O-O O-O 8. Ne1
f5 9. e5 c5 10. dxc5 Bxe5 11. Na4 Qc7 12. cxb6 Bxh2+ 13. Kh1 axb6 14. Be3 Nc8
15. c5 bxc5 16. Nxc5 Bd6 17. Nxb7 Qxb7 18. Bf3 Nc6 19. Nd3 N8e7 20. Nc5 Bxc5
21. Bxc5 d5 22. Re1 Kf7 23. a3 Qxb2 24. Rb1 Qxf2 25. Bxf2 Rxa3 26. Bc5 Raa8 27.
Bxe7 Nxe7 28. Rb6 Rad8 29. Rbxe6 Rfe8 30. Qd4 Ng8 1-0

[Event "C.to Provinciale CO"]
[Site "Como ITA"]
[Date "1999.02.19"]
[Round "6"]
[White "Pozzi, Marco"]
[Black "Laricini, Alberto"]
[Result "1/2-1/2"]
[WhiteElo "1495"]
[BlackElo "1612"]
[PlyCount "68"]
[EventDate "1999.01.15"]

1. c4 Nf6 2. Nc3 g6 3. Nf3 Bg7 4. d4 O-O 5. e4 d6 6. Bd3 Nbd7 7. Bc2 Nb6 8. b3
Nbd7 9. h3 a5 10. Be3 e5 11. d5 Re8 12. O-O Nh5 13. Rc1 b6 14. Ne2 Nb8 15. Ng3
Nxg3 16. fxg3 Bd7 17. Qd2 Qc8 18. Bh6 f5 19. Bxg7 Kxg7 20. exf5 Bxf5 21. Bxf5
Qxf5 22. Ng5 Qd7 23. Rf7+ Qxf7 24. Nxf7 Kxf7 25. Rf1+ Kg7 26. Qg5 Nd7 27. h4 h6
28. Qg4 Nf6 29. Qe2 h5 30. Qe3 Re7 31. Qg5 Rf7 32. Rf2 Raf8 33. Qe3 Kh7 34. Qg5
Kg7 1/2-1/2

[Event "C.to Provinciale CO"]
[Site "Como ITA"]
[Date "1999.02.19"]
[Round "6"]
[White "Rossi, Giampiero"]
[Black "De Castro, Giovanni"]
[Result "1-0"]
[WhiteElo "2023"]
[BlackElo "1713"]
[PlyCount "107"]
[EventDate "1999.01.15"]

1. d4 Nf6 2. c4 c5 3. dxc5 e6 4. Nc3 Bxc5 5. Nf3 O-O 6. a3 b6 7. e3 Bb7 8. Be2
Be7 9. O-O d6 10. Qc2 Nbd7 11. b3 a6 12. Bb2 Qc7 13. Rac1 Rac8 14. Rfd1 Rfd8
15. Qb1 Qb8 16. Nd2 Nf8 17. Bf3 Bxf3 18. Nxf3 Qb7 19. Qa1 Ng6 20. Rd2 Rd7 21.
Rcd1 Rcd8 22. h3 Bf8 23. Qb1 Be7 24. Qd3 Qc6 25. Nd4 Qb7 26. f3 d5 27. cxd5
Nxd5 28. Nxd5 Rxd5 29. Qe2 b5 30. Nc2 Bc5 31. Bd4 Bxd4 32. Rxd4 Rxd4 33. Rxd4
Rxd4 34. Nxd4 e5 35. Nf5 Qc8 36. Qd3 h6 37. b4 Qc7 38. Kf2 Ne7 39. Ng3 Nc8 40.
Ne4 Nb6 41. Nc5 Qc8 42. Qd6 Nc4 43. Qxa6 Qxa6 44. Nxa6 Nxa3 45. Ke2 Nc4 46. Kd3
Nd6 47. Nc5 f5 48. Nd7 e4+ 49. fxe4 fxe4+ 50. Kd4 Kf7 51. Kd5 Ke7 52. Ne5 g5
53. Nc6+ Kd7 54. Ne5+ 1-0

[Event "C.to Provinciale CO"]
[Site "Como ITA"]
[Date "1999.02.19"]
[Round "6"]
[White "Rossi, Silio"]
[Black "Fusi, Claudio"]
[Result "0-1"]
[WhiteElo "1600"]
[BlackElo "1458"]
[PlyCount "130"]
[EventDate "1999.01.15"]

1. b3 d5 2. Bb2 Nf6 3. Nf3 e6 4. e3 c5 5. c4 Be7 6. cxd5 exd5 7. Bb5+ Bd7 8.
Qe2 a6 9. Bxd7+ Nbxd7 10. O-O O-O 11. Nc3 Rb8 12. Qd3 Nb6 13. Qc2 c4 14. Nd4
Qd7 15. Nce2 Ne4 16. d3 cxd3 17. Qxd3 Rbc8 18. Rfc1 Bh4 19. g3 Bg5 20. f4 Be7
21. Kg2 Nc5 22. Qf5 Bf6 23. Qxd7 Nbxd7 24. Ba3 Rfe8 25. Kf3 g5 26. Rc2 Nd3 27.
Rd2 g4+ 28. Kxg4 Rxe3 29. Rf1 Rce8 30. Kh3 R8e4 31. Kg2 Bxd4 32. Nxd4 Rxd4 33.
Rc2 Ne1+ 34. Rxe1 Rxe1 35. Rc8+ Kg7 36. Rc7 Rd2+ 37. Kh3 Nf6 38. Bb4 Ree2 39.
Bxd2 Rxd2 40. a4 b5 41. axb5 axb5 42. Rc5 b4 43. Rb5 Rd4 44. Kg2 Ne4 45. Kf3
Rd3+ 46. Kg2 Rxb3 47. Rxd5 Rb2+ 48. Kf3 Nf6 49. Rg5+ Kh6 50. h4 b3 51. Rb5 Rb1
52. g4 Kg7 53. g5 Ng8 54. Kg4 b2 55. Kf5 Ne7+ 56. Ke5 Re1+ 57. Kd6 b1=Q 58.
Rxb1 Nc8+ 59. Kc7 Rxb1 60. Kxc8 Rf1 61. h5 Rxf4 62. Kd7 Rg4 63. g6 fxg6 64.
hxg6 Rxg6 65. Ke7 h5 0-1

[Event "C.to Provinciale CO"]
[Site "Como ITA"]
[Date "1999.02.19"]
[Round "6"]
[White "Taborelli, Achille"]
[Black "Bevilacqua, Roberto"]
[Result "0-1"]
[WhiteElo "1609"]
[BlackElo "2051"]
[PlyCount "106"]
[EventDate "1999.01.15"]

1. d4 Nf6 2. c4 c5 3. d5 b5 4. cxb5 a6 5. bxa6 Bxa6 6. Nc3 g6 7. g3 Bg7 8. Bg2
d6 9. Nf3 O-O 10. O-O Nbd7 11. Re1 Qc7 12. e4 Ng4 13. Bf1 c4 14. h3 Nge5 15.
Nh4 Nc5 16. Ng2 Rfb8 17. Nf4 Qa5 18. Bd2 Rxb2 19. Kg2 Rxd2 20. Qxd2 Ned3 21.
Rac1 Nxc1 22. Rxc1 Rb8 23. Qc2 Bxc3 24. Qxc3 Qxc3 25. Rxc3 Nxe4 26. Rc2 Rb4 27.
Kf3 Nf6 28. h4 h6 29. Bg2 g5 30. hxg5 hxg5 31. Ne2 Bb7 32. Ke3 Bxd5 33. Bxd5
Nxd5+ 34. Kd4 Nb6 35. Kc3 Rb1 36. Nd4 d5 37. Nf3 f6 38. Kd4 Rb5 39. Ke3 e5 40.
g4 Nd7 41. Nd2 Rb4 42. Nf1 Kf7 43. Ng3 Ke6 44. Nf5 Nc5 45. f3 d4+ 46. Nxd4+
exd4+ 47. Kxd4 Kd6 48. a3 Ne6+ 49. Ke4 Ra4 50. Rc3 Kc5 51. Kf5 Kd4 52. Rc1 Rxa3
53. Kxe6 Rxf3 0-1

[Event "C.to Provinciale CO"]
[Site "Como ITA"]
[Date "1999.02.26"]
[Round "7"]
[White "Bellotto, Stefano"]
[Black "Canali, Marco"]
[Result "1/2-1/2"]
[WhiteElo "1716"]
[BlackElo "1672"]
[PlyCount "42"]
[EventDate "1999.01.15"]

1. d4 d5 2. c4 c6 3. cxd5 cxd5 4. Nc3 Nc6 5. Bf4 Nf6 6. Nf3 Ne4 7. e3 Nxc3 8.
bxc3 g6 9. Bd3 Bg7 10. h3 O-O 11. O-O Re8 12. Nd2 a6 13. Rb1 Na5 14. Nb3 e5 15.
Bh2 e4 16. Be2 Bf8 17. Nxa5 Qxa5 18. Qb3 b5 19. Qxd5 Be6 20. Qg5 Qxa2 21. Bg4
h6 1/2-1/2

[Event "C.to Provinciale CO"]
[Site "Como ITA"]
[Date "1999.02.26"]
[Round "7"]
[White "Bevilacqua, Roberto"]
[Black "Larghi, Riccardo"]
[Result "1-0"]
[WhiteElo "2051"]
[BlackElo "1845"]
[PlyCount "81"]
[EventDate "1999.01.15"]

1. d4 c5 2. d5 Nf6 3. c4 d6 4. Nc3 g6 5. e4 Bg7 6. f4 O-O 7. Nf3 e6 8. Be2 exd5
9. cxd5 Re8 10. Nd2 b6 11. O-O Bb7 12. Bf3 a6 13. a4 Nbd7 14. Nc4 Qc7 15. Bd2
Rab8 16. Ra3 Ba8 17. Rb3 b5 18. axb5 Nb6 19. Nxb6 Rxb6 20. bxa6 Reb8 21. Rxb6
Qxb6 22. Bc1 Qxa6 23. Be2 Qb6 24. Bc4 Qb4 25. Qe2 Re8 26. h3 Nh5 27. Qd3 Bd4+
28. Kh2 Qb6 29. Nb5 Bg7 30. b3 Bb7 31. Bd2 Bc8 32. Re1 Qb8 33. g4 Nf6 34. Ba5
Re7 35. Bc3 Bd7 36. Nxd6 Qxd6 37. e5 Qb8 38. d6 Re8 39. exf6 Rxe1 40. Bxe1 Bxf6
41. Bf2 1-0

[Event "C.to Provinciale CO"]
[Site "Como ITA"]
[Date "1999.02.26"]
[Round "7"]
[White "Buonocore, Elio"]
[Black "Taborelli, Achille"]
[Result "1-0"]
[WhiteElo "2109"]
[BlackElo "1609"]
[PlyCount "105"]
[EventDate "1999.01.15"]

1. e4 e6 2. d4 d5 3. Nc3 Bb4 4. e5 c5 5. a3 Bxc3+ 6. bxc3 Ne7 7. h4 Nbc6 8. h5
h6 9. Nf3 Bd7 10. Bd3 cxd4 11. cxd4 Qa5+ 12. Bd2 Qa4 13. Rh4 Na5 14. Rg4 Nc4
15. Qb1 Nxd2 16. Nxd2 b6 17. c4 Rc8 18. Qb4 Rc7 19. Qxa4 Bxa4 20. Rxg7 dxc4 21.
Nxc4 Kf8 22. Rg4 Rg8 23. Rxg8+ Kxg8 24. Nd6 Rc3 25. Kd2 Rc7 26. Be4 Bb3 27. Rc1
Rxc1 28. Kxc1 Bd5 29. Bxd5 Nxd5 30. Kd2 Kf8 31. g4 a6 32. Ne4 Kg7 33. Nc3 Nc7
34. f4 f6 35. Kd3 b5 36. Ke4 fxe5 37. dxe5 a5 38. Kd4 b4 39. axb4 axb4 40. Na4
b3 41. f5 exf5 42. gxf5 Kf7 43. Kc4 Ke7 44. Kxb3 Nd5 45. Nc5 Nf4 46. Kc4 Nxh5
47. Kd5 Nf6+ 48. exf6+ Kxf6 49. Ke4 h5 50. Kf4 h4 51. Ne4+ Kf7 52. Kg4 h3 53.
Kxh3 1-0

[Event "C.to Provinciale CO"]
[Site "Como ITA"]
[Date "1999.02.26"]
[Round "7"]
[White "Cairoli, Camillo"]
[Black "Rossi, Giampiero"]
[Result "1-0"]
[WhiteElo "1900"]
[BlackElo "2023"]
[PlyCount "105"]
[EventDate "1999.01.15"]

1. Nf3 d5 2. g3 c6 3. Bg2 Nf6 4. b3 Bf5 5. Bb2 e6 6. d3 Be7 7. Nbd2 O-O 8. a4
Nbd7 9. O-O h6 10. e3 Qb6 11. Qe2 Rfc8 12. e4 Bh7 13. Kh1 a5 14. Ne1 Qa6 15. f4
dxe4 16. Nxe4 Nxe4 17. Bxe4 Bxe4+ 18. Qxe4 Bf6 19. Be5 c5 20. Nf3 Bxe5 21. fxe5
Qc6 22. Rae1 Qxe4 23. Rxe4 Nb6 24. Nd2 Rc7 25. Kg2 Rd8 26. Rf2 Rd5 27. Rfe2 Kf8
28. Kf3 Ke8 29. Rg4 Kf8 30. h4 Rd8 31. Nc4 Nxc4 32. Rxc4 b6 33. Ree4 g6 34. Ke3
Rdc8 35. Kd2 Ke8 36. g4 Kf8 37. g5 Kg7 38. Kc3 Rd8 39. Rf4 Rd5 40. Rce4 Rb7 41.
Kc4 Rb8 42. gxh6+ Kxh6 43. Rxf7 Rbd8 44. Rff4 Rb8 45. Rf6 Re8 46. Rg4 Rxe5 47.
Rfxg6+ Kh5 48. Rg2 Rf5 49. Rg7 Rf4+ 50. Kc3 Kh6 51. Rb7 Rxh4 52. Rxb6 Rb4 53.
Rc6 1-0

[Event "C.to Provinciale CO"]
[Site "Como ITA"]
[Date "1999.02.26"]
[Round "7"]
[White "Cattoni, Luca"]
[Black "Rossi, Silio"]
[Result "0-1"]
[WhiteElo "1558"]
[BlackElo "1600"]
[PlyCount "82"]
[EventDate "1999.01.15"]

1. d4 Nf6 2. c4 e6 3. a3 Be7 4. Nc3 c6 5. e3 d5 6. cxd5 cxd5 7. Nf3 Nc6 8. Be2
O-O 9. h3 Qa5 10. Bd2 a6 11. O-O Qc7 12. Rc1 Qd6 13. Na4 Ne4 14. Nb6 Rb8 15.
Nxc8 Rfxc8 16. Be1 Bd8 17. Bd3 Bc7 18. g3 Nf6 19. Bc3 h6 20. Ne5 Bb6 21. Qf3
Qd8 22. Nxc6 Rxc6 23. Bb4 Rbc8 24. Rc3 Rxc3 25. bxc3 a5 26. Bc5 Bxc5 27. dxc5
Rxc5 28. Rc1 Qc7 29. e4 dxe4 30. Bxe4 Nxe4 31. Qxe4 Rxc3 32. Rxc3 Qxc3 33. Qxb7
Qxa3 34. Qa8+ Kh7 35. Qe4+ g6 36. h4 Qb4 37. Qd3 h5 38. Qd7 Kg7 39. Kg2 a4 40.
Kh3 a3 41. Qd1 Qg4+ 0-1

[Event "C.to Provinciale CO"]
[Site "Como ITA"]
[Date "1999.02.26"]
[Round "7"]
[White "Coppola, Guido"]
[Black "Liscio, Giovanni"]
[Result "0-1"]
[WhiteElo "1779"]
[BlackElo "1804"]
[PlyCount "95"]
[EventDate "1999.01.15"]

1. e4 c6 2. d4 d5 3. exd5 cxd5 4. Bd3 Nf6 5. Nf3 Bg4 6. Nbd2 e6 7. O-O Be7 8.
Re1 Nc6 9. c3 O-O 10. h3 Bxf3 11. Nxf3 Nd7 12. Ne5 Ncxe5 13. dxe5 a6 14. Qg4
Re8 15. Bh6 Bf8 16. Rad1 Qc7 17. Bf4 g6 18. h4 h5 19. Qg3 Bg7 20. Re3 Nf8 21.
Rde1 b5 22. Qf3 Rab8 23. g4 hxg4 24. Qxg4 Qd7 25. h5 d4 26. Rg3 dxc3 27. Rh3
cxb2 28. h6 Bh8 29. h7+ Nxh7 30. Qh4 f5 31. exf6 Bxf6 32. Qh6 Rb7 33. Bxg6 Qg7
34. Rg3 Qxh6 35. Bxh6 Ree7 36. Be4+ Kh8 37. Bxb7 Rxb7 38. Rd3 Ng5 39. Rb3 Nf7
40. Rxe6 Bc3 41. Rc6 b4 42. Bf8 a5 43. Rc4 Ne5 44. Rf4 Nd3 45. Rc4 a4 46. Bxb4
axb3 47. Bxc3+ Rg7+ 48. Rg4 0-1

[Event "C.to Provinciale CO"]
[Site "Como ITA"]
[Date "1999.02.26"]
[Round "7"]
[White "Corti, Filippo"]
[Black "Petetta, Roberto"]
[Result "1-0"]
[WhiteElo "1600"]
[BlackElo "1494"]
[PlyCount "107"]
[EventDate "1999.01.15"]

1. Nf3 Nf6 2. g3 e6 3. Bg2 Be7 4. c4 d5 5. O-O O-O 6. Qc2 Nbd7 7. d4 c5 8. dxc5
dxc4 9. Qxc4 Bxc5 10. Nc3 Qe7 11. Bg5 Nb6 12. Qh4 Nbd5 13. Ne4 Bb6 14. Nxf6+
Nxf6 15. Bxf6 gxf6 16. Rac1 e5 17. Nd2 Bf5 18. Ne4 Kg7 19. Rfd1 Rfd8 20. g4 Bg6
21. Ng3 Rxd1+ 22. Rxd1 Rd8 23. Rc1 Rd2 24. Nf5+ Bxf5 25. gxf5 Qd7 26. Qg4+ Kf8
27. Rc3 Rxb2 28. Rg3 Rb1+ 29. Bf1 Bxf2+ 30. Kxf2 Qd4+ 31. Qxd4 exd4 32. Bg2 Rb5
33. Be4 b6 34. Rd3 Rb4 35. a3 Ra4 36. Rg3 Ra5 37. Rb3 Re5 38. Bd3 Kg7 39. Rb5
Rxb5 40. Bxb5 Kh6 41. Kg3 Kg5 42. Bd3 a5 43. a4 h5 44. h4+ Kh6 45. Kf4 Kg7 46.
Ke4 Kf8 47. Kxd4 Ke7 48. Kd5 Kd7 49. Bb5+ Kc7 50. e4 Kd8 51. Kd6 Kc8 52. Ke7
Kc7 53. Kxf7 Kd6 54. Kxf6 1-0

[Event "C.to Provinciale CO"]
[Site "Como ITA"]
[Date "1999.02.26"]
[Round "7"]
[White "Emoroso, Claudio"]
[Black "Morlotti, Massimiliano"]
[Result "1/2-1/2"]
[WhiteElo "1576"]
[BlackElo "1711"]
[PlyCount "65"]
[EventDate "1999.01.15"]

1. e4 e5 2. Nf3 f5 3. Nxe5 Qf6 4. d4 d6 5. Nc4 fxe4 6. Be2 d5 7. Ne3 Be6 8. c3
Bd6 9. Qb3 Ne7 10. Bg4 O-O 11. Bxe6+ Qxe6 12. Qxb7 Nbc6 13. Qa6 Qf7 14. Qe2 Ng6
15. g3 Rae8 16. Nd2 Nd8 17. b3 c6 18. a4 Ne6 19. Ba3 Bxa3 20. Rxa3 Ngf4 21.
gxf4 Nxf4 22. Qf1 Nd3+ 23. Ke2 Qe7 24. Ra1 Rxf2+ 25. Qxf2 Nxf2 26. Kxf2 Rf8+
27. Ke2 Qh4 28. Raf1 Qh5+ 29. Ke1 Rxf1+ 30. Kxf1 Qh3+ 31. Ke2 Qh5+ 32. Ke1 Qh3
33. Ke2 1/2-1/2

[Event "C.to Provinciale CO"]
[Site "Como ITA"]
[Date "1999.02.26"]
[Round "7"]
[White "Fusi, Claudio"]
[Black "Boncinelli, Lodovico"]
[Result "1-0"]
[WhiteElo "1458"]
[BlackElo "1522"]
[PlyCount "97"]
[EventDate "1999.01.15"]

1. d4 e6 2. c4 d5 3. Nc3 Nf6 4. Bg5 Be7 5. e3 Nbd7 6. Nf3 c5 7. cxd5 exd5 8.
Be2 c4 9. O-O a6 10. Nd2 b5 11. f3 Bb7 12. a3 Nb8 13. Qc2 Nc6 14. b3 b4 15.
axb4 Nxb4 16. Qb1 cxb3 17. Nxb3 Rb8 18. Nc5 Bxc5 19. dxc5 Bc6 20. Qf5 O-O 21.
Bxf6 Qxf6 22. Qxf6 gxf6 23. e4 d4 24. Na4 Nc2 25. Ra2 Ne3 26. Rc1 Kh8 27. Bxa6
Rg8 28. Nb6 f5 29. Bd3 Rbe8 30. Nd5 Nxd5 31. exd5 Bxd5 32. Rf2 f4 33. c6 Re3
34. Bf1 Rge8 35. c7 Rc3 36. Rfc2 Rxc2 37. Rxc2 Bb7 38. Rb2 Bc8 39. Rb8 Kg7 40.
Ba6 Re1+ 41. Kf2 Rc1 42. Rxc8 Rc2+ 43. Ke1 Kf6 44. Kd1 Rc5 45. Kd2 Ke7 46. Kd3
Kd7 47. Kxd4 Ra5 48. Rf8 Rxa6 49. c8=Q+ 1-0

[Event "C.to Provinciale CO"]
[Site "Como ITA"]
[Date "1999.02.26"]
[Round "7"]
[White "Gisolini, Michele"]
[Black "Pozzi, Marco"]
[Result "1-0"]
[WhiteElo "1567"]
[BlackElo "1495"]
[PlyCount "67"]
[EventDate "1999.01.15"]

1. c4 g6 2. Nc3 c6 3. d4 Bg7 4. e4 d6 5. g3 Nf6 6. Bg2 O-O 7. Nge2 Nbd7 8. O-O
Nb6 9. b3 a5 10. Qc2 Bd7 11. c5 dxc5 12. dxc5 Nc8 13. Bf4 Nh5 14. Rad1 Nxf4 15.
Nxf4 Qc7 16. Rd2 Na7 17. Rfd1 Rad8 18. a3 Bc8 19. b4 axb4 20. axb4 Rxd2 21.
Rxd2 Qe5 22. Nfe2 Qc7 23. Qa4 b5 24. Qd1 Be6 25. Nf4 Bc8 26. Nce2 Bh6 27. Rd3
f5 28. Qb3+ Kh8 29. Ne6 Bxe6 30. Qxe6 Rd8 31. Rxd8+ Qxd8 32. exf5 Bg7 33. Bxc6
Nxc6 34. Qxc6 1-0

[Event "C.to Provinciale CO"]
[Site "Como ITA"]
[Date "1999.02.26"]
[Round "7"]
[White "Laricini, Alberto"]
[Black "Boffi, Luigi"]
[Result "1-0"]
[WhiteElo "1612"]
[BlackElo "1473"]
[PlyCount "83"]
[EventDate "1999.01.15"]

1. d4 d5 2. Nf3 Nf6 3. c4 e6 4. Nc3 Be7 5. Bf4 a6 6. e3 O-O 7. Be2 b6 8. cxd5
Nxd5 9. Nxd5 exd5 10. Rc1 c5 11. dxc5 bxc5 12. O-O Bb7 13. Qb3 Qc8 14. Ne5 Bd6
15. Qb6 Bxe5 16. Bxe5 Nd7 17. Qd6 Nxe5 18. Qxe5 Qc6 19. Bf3 Rfe8 20. Qg5 h6 21.
Qf5 Qd6 22. Rfd1 Re5 23. Qf4 Qe6 24. Rxc5 Rf5 25. Qg4 Qf6 26. Rc7 Rg5 27. Qf4
Rf5 28. Qd4 Qxd4 29. Rxd4 Bc8 30. Bg4 Rb8 31. b3 Be6 32. Bxf5 Bxf5 33. Rxd5 Be6
34. Rd4 a5 35. h4 Bf5 36. e4 Be6 37. f3 Rb5 38. Kf2 Rh5 39. Kg3 Rb5 40. f4 f5
41. Re7 Bc8 42. Rd8+ 1-0

[Event "C.to Provinciale CO"]
[Site "Como ITA"]
[Date "1999.02.26"]
[Round "7"]
[White "Mason, Giovanni"]
[Black "De Castro, Giovanni"]
[Result "0-1"]
[WhiteElo "1518"]
[BlackElo "1713"]
[PlyCount "72"]
[EventDate "1999.01.15"]

1. e4 e6 2. d4 d5 3. Nc3 Bb4 4. Qg4 Nf6 5. Qxg7 Rg8 6. Qh6 Rg6 7. Qe3 c5 8. Bd2
Nc6 9. Bb5 Bd7 10. Bxc6 Bxc6 11. e5 Ng4 12. Qf4 cxd4 13. Qxd4 Qe7 14. h3 Bc5
15. Qxg4 Rxg4 16. hxg4 O-O-O 17. Rxh7 d4 18. Nce2 d3 19. cxd3 Rxd3 20. O-O-O
Bxf2 21. Nh3 Qc5+ 22. Nc3 Rxc3+ 23. Bxc3 Be3+ 24. Rd2 Bxd2+ 25. Kxd2 Qd5+ 26.
Kc1 Qxg2 27. Ng5 Qf1+ 28. Kc2 Qe2+ 29. Kc1 Qxg4 30. Rg7 Qg1+ 31. Kd2 Be4 32.
Rg8+ Kd7 33. Rg7 Qf2+ 34. Kd1 Bg6 35. a3 Qc2+ 36. Ke1 Qc1+ 0-1

[Event "C.to Provinciale CO"]
[Site "Como ITA"]
[Date "1999.03.05"]
[Round "8"]
[White "Bevilacqua, Roberto"]
[Black "Buonocore, Elio"]
[Result "1/2-1/2"]
[WhiteElo "2051"]
[BlackElo "2109"]
[PlyCount "105"]
[EventDate "1999.01.15"]

1. e4 e5 2. Nf3 Nc6 3. d4 exd4 4. Bc4 Nf6 5. O-O Nxe4 6. Re1 d5 7. Bxd5 Qxd5 8.
Nc3 Qh5 9. Nxe4 Be6 10. Bg5 Bd6 11. Nxd6+ cxd6 12. Bf4 Qd5 13. c3 O-O 14. Nxd4
Nxd4 15. Qxd4 Qxd4 16. cxd4 d5 17. Rac1 Rfc8 18. Rxc8+ Rxc8 19. Rc1 Rc4 20. Be3
Kf8 21. Kf1 Rb4 22. b3 Ke8 23. Ke1 Rb6 24. Kd2 Ra6 25. a4 Rb6 26. Rc3 Bd7 27.
Kc2 Kd8 28. Kd2 h5 29. h4 Rg6 30. g3 Re6 31. Rc5 Bc6 32. Ke2 Kd7 33. Rc1 Re4
34. Kd2 f6 35. f3 Re8 36. Rg1 Ke6 37. Ke2 Kf7 38. Kf2 Re6 39. Rc1 Re8 40. Rc5
Rd8 41. Rc1 Rd7 42. Rc3 Ke6 43. Rc1 g6 44. g4 Rh7 45. Kg3 Re7 46. Bf2 Kf7 47.
Re1 Rc7 48. gxh5 gxh5 49. Rc1 Re7 50. Re1 Rc7 51. Rc1 Rc8 52. Kf4 Rg8 53. Rg1
1/2-1/2

[Event "C.to Provinciale CO"]
[Site "Como ITA"]
[Date "1999.03.05"]
[Round "8"]
[White "Canali, Marco"]
[Black "Curioni, Franco"]
[Result "1-0"]
[WhiteElo "1672"]
[BlackElo "1558"]
[PlyCount "65"]
[EventDate "1999.01.15"]

1. e4 Nf6 2. Nc3 e5 3. Nf3 Bb4 4. Nxe5 O-O 5. Be2 Re8 6. Nd3 Bxc3 7. dxc3 Nxe4
8. O-O d5 9. Nf4 c6 10. Bd3 Nd7 11. Be3 Ndf6 12. Nh5 Ng4 13. h3 Nxe3 14. fxe3
Qb6 15. Qf3 f5 16. Bxe4 Rxe4 17. Qg3 Re7 18. Rae1 Qxb2 19. Nf6+ Kf7 20. Nxh7
Qxc3 21. Qg5 g6 22. Qh4 Rxe3 23. Ng5+ Ke8 24. Rxe3+ Qxe3+ 25. Kh1 Kd7 26. Re1
f4 27. Rxe3 fxe3 28. Qh7+ Kd6 29. Qxg6+ Kc7 30. Qg7+ Kd6 31. Qf6+ Kd7 32. h4
Ke8 33. h5 1-0

[Event "C.to Provinciale CO"]
[Site "Como ITA"]
[Date "1999.03.05"]
[Round "8"]
[White "Emoroso, Claudio"]
[Black "Gisolini, Michele"]
[Result "1-0"]
[WhiteElo "1576"]
[BlackElo "1567"]
[PlyCount "81"]
[EventDate "1999.01.15"]

1. e4 e5 2. Nf3 Nc6 3. Be2 Nf6 4. d3 d5 5. exd5 Nxd5 6. c3 Be7 7. Qc2 Bf5 8.
Bd2 O-O 9. O-O Nf6 10. Ng5 h6 11. Ne4 Nxe4 12. dxe4 Be6 13. Be3 Bg5 14. Qc1
Bxe3 15. Qxe3 Qe7 16. Bb5 Na5 17. b3 a6 18. Be2 Rad8 19. Nd2 Rd6 20. Rfd1 Rfd8
21. Nf1 b5 22. Rxd6 Rxd6 23. Rd1 Nc6 24. Qc5 Rxd1 25. Qxc6 Re1 26. Bf3 Qg5 27.
Qxa6 Bd7 28. Qa8+ Kh7 29. Qd5 Bg4 30. Qxf7 Qc1 31. h3 Rxf1+ 32. Kh2 Rh1+ 33.
Kg3 Bxh3 34. gxh3 Rg1+ 35. Kh2 Rg6 36. Bg4 h5 37. Qf5 Qf4+ 38. Qxf4 exf4 39.
Bf5 Kh6 40. Bxg6 Kxg6 41. a4 1-0

[Event "C.to Provinciale CO"]
[Site "Como ITA"]
[Date "1999.03.05"]
[Round "8"]
[White "Larghi, Riccardo"]
[Black "Cairoli, Camillo"]
[Result "0-1"]
[WhiteElo "1845"]
[BlackElo "1900"]
[PlyCount "26"]
[EventDate "1999.01.15"]

1. e4 c5 2. Nf3 d6 3. d4 cxd4 4. Nxd4 Nf6 5. Nc3 g6 6. Be3 Bg7 7. f3 Nc6 8. Qd2
O-O 9. g4 Bd7 10. O-O-O Rc8 11. h4 Bxg4 12. fxg4 Nxg4 13. Bg1 Bh6 0-1

[Event "C.to Provinciale CO"]
[Site "Como ITA"]
[Date "1999.03.05"]
[Round "8"]
[White "Morlotti, Massimiliano"]
[Black "Corti, Corrado"]
[Result "0-1"]
[WhiteElo "1711"]
[BlackElo "1687"]
[PlyCount "50"]
[EventDate "1999.01.15"]

1. c4 e5 2. Nc3 Nf6 3. Nf3 Nc6 4. g3 Be7 5. Bg2 O-O 6. O-O d6 7. a3 Ng4 8. h3
Nf6 9. b4 Rb8 10. Qc2 Be6 11. Ne4 Nxe4 12. Qxe4 f5 13. Qc2 e4 14. Ne1 Nd4 15.
Qd1 Bxc4 16. d3 Bb3 17. Qd2 Bf6 18. Rb1 Bd5 19. dxe4 Bxe4 20. Bxe4 fxe4 21. e3
Ne6 22. Qd5 Qd7 23. Qxe4 c6 24. Bb2 Ng5 25. Qg4 Nxh3+ 0-1

[Event "C.to Provinciale CO"]
[Site "Como ITA"]
[Date "1999.03.05"]
[Round "8"]
[White "Napoli, Ferdinando"]
[Black "Laricini, Alberto"]
[Result "1-0"]
[WhiteElo "1570"]
[BlackElo "1612"]
[PlyCount "53"]
[EventDate "1999.01.15"]

1. b3 b6 2. Bb2 Bb7 3. e3 Nf6 4. Nf3 g6 5. c4 Bg7 6. Be2 O-O 7. d4 e6 8. Nc3 d6
9. O-O Nbd7 10. Qc2 Rc8 11. Rad1 Qe7 12. e4 a6 13. Rfe1 Rfe8 14. h3 Nh5 15. Bc1
Nhf6 16. e5 dxe5 17. dxe5 Nh5 18. g4 Nxe5 19. Nxe5 Bxe5 20. gxh5 Qh4 21. Bg4
Bxc3 22. Qxc3 gxh5 23. Bb2 e5 24. Bxc8 Qg5+ 25. Qg3 Qxg3+ 26. fxg3 Bxc8 27.
Rxe5 1-0

[Event "C.to Provinciale CO"]
[Site "Como ITA"]
[Date "1999.03.05"]
[Round "8"]
[White "Orsenigo, Davide"]
[Black "Grassetto, Gilberto"]
[Result "0-1"]
[WhiteElo "1500"]
[BlackElo "1561"]
[PlyCount "68"]
[EventDate "1999.01.15"]

1. e4 b6 2. d4 Bb7 3. Nc3 e6 4. Bd3 g6 5. Bf4 Bg7 6. Nf3 Ne7 7. Ne2 a5 8. Qd2
O-O 9. Bh6 f5 10. e5 Bxf3 11. gxf3 Na6 12. Bxa6 Rxa6 13. h4 Kf7 14. h5 Rh8 15.
O-O-O Qf8 16. Bxg7 Qxg7 17. Nf4 Raa8 18. Rdg1 Rag8 19. c3 Qf8 20. d5 g5 21. Ne2
h6 22. Nd4 Nxd5 23. c4 Qc5 24. Kb1 Qxc4 25. Rc1 Qa6 26. Nxf5 Qb7 27. Ne3 Rc8
28. Ng4 Rcg8 29. Nf6 Nxf6 30. exf6 c5 31. Qd3 Kxf6 32. Qb5 Ke7 33. Rxc5 Qxf3
34. Rc7 Qf5+ 0-1

[Event "C.to Provinciale CO"]
[Site "Como ITA"]
[Date "1999.03.05"]
[Round "8"]
[White "Rossi, Giampiero"]
[Black "Corti, Filippo"]
[Result "1-0"]
[WhiteElo "2023"]
[BlackElo "1600"]
[PlyCount "109"]
[EventDate "1999.01.15"]

1. d4 Nf6 2. c4 g6 3. g3 Bg7 4. Bg2 O-O 5. Nc3 d6 6. Nf3 Nc6 7. O-O a6 8. h3
Bd7 9. e4 e5 10. d5 Na5 11. Qd3 b6 12. b4 Nb7 13. Be3 Qe7 14. Nd2 a5 15. a3 Ne8
16. f3 f5 17. Bf2 Bh6 18. Rfd1 Nf6 19. Nf1 fxe4 20. fxe4 Nh5 21. Be3 Bxe3+ 22.
Qxe3 Qf6 23. Nd2 a4 24. Rf1 Qg7 25. Rxf8+ Rxf8 26. Rf1 Nd8 27. Rxf8+ Qxf8 28.
Kh2 Nb7 29. Nf3 Nf6 30. Ne1 Kg7 31. Nd3 Qa8 32. Nb2 h6 33. Qd2 Nd8 34. Qc2 Nf7
35. Nd3 Ng5 36. Nf2 Qe8 37. h4 Nf7 38. Bh3 Bxh3 39. Kxh3 Qd7+ 40. Kg2 Ng4 41.
Nxg4 Qxg4 42. Qe2 Qd7 43. Qd1 h5 44. Qxa4 Qe7 45. Nd1 g5 46. Ne3 Kh7 47. Qd1
Kg6 48. Nf5 Qf6 49. Qf3 g4 50. Qe3 Qd8 51. c5 bxc5 52. bxc5 dxc5 53. Qxc5 Nd6
54. Nxd6 cxd6 55. Qe3 1-0

[Event "C.to Provinciale CO"]
[Site "Como ITA"]
[Date "1999.03.05"]
[Round "8"]
[White "Taborelli, Achille"]
[Black "Liscio, Giovanni"]
[Result "1/2-1/2"]
[WhiteElo "1609"]
[BlackElo "1804"]
[PlyCount "24"]
[EventDate "1999.01.15"]

1. d4 Nf6 2. c4 g6 3. Nc3 d5 4. cxd5 Nxd5 5. e4 Nxc3 6. bxc3 Bg7 7. Bc4 O-O 8.
Ne2 e5 9. Be3 Nc6 10. O-O exd4 11. cxd4 b6 12. Re1 Bb7 1/2-1/2

[Event "C.to Provinciale TO"]
[Site "Torino ITA"]
[Date "1999.01.??"]
[Round "?"]
[White "Martin, Tiziano"]
[Black "Pepino, Enrico"]
[Result "1-0"]
[WhiteElo "1783"]
[BlackElo "1906"]
[PlyCount "59"]
[EventDate "1999.01.03"]

1. f4 d5 2. Nf3 Nf6 3. d3 c5 4. c3 Nc6 5. Qc2 g6 6. e4 dxe4 7. dxe4 Bg7 8. Na3
O-O 9. Be2 a6 10. Be3 b6 11. Rd1 Qc7 12. O-O e5 13. fxe5 Ng4 14. Bf4 Ngxe5 15.
Nxe5 Bxe5 16. Bxe5 Nxe5 17. Nc4 Be6 18. Ne3 Rad8 19. Nd5 Bxd5 20. exd5 Rd7 21.
Qe4 f6 22. Bxa6 f5 23. Qf4 g5 24. Qg3 c4 25. Rd4 Rg7 26. b3 f4 27. Qe1 f3 28.
Bxc4 Kh8 29. d6 Qc5 30. b4 1-0

[Event "C.to Provinciale TO"]
[Site "Torino ITA"]
[Date "1999.01.??"]
[Round "?"]
[White "Ragni, Paolo"]
[Black "Diana, Riccardo"]
[Result "0-1"]
[WhiteElo "2028"]
[BlackElo "2100"]
[PlyCount "70"]
[EventDate "1999.01.03"]

1. c4 e5 2. Nc3 Nf6 3. Nf3 d6 4. d4 Nbd7 5. g3 c6 6. e4 Qc7 7. Bg2 Be7 8. O-O
O-O 9. b3 Re8 10. Bb2 Bf8 11. Qd2 a5 12. Rfe1 exd4 13. Nxd4 Nc5 14. Kh1 Bd7 15.
Rad1 Rad8 16. f3 g6 17. Nc2 Nh5 18. g4 Ng7 19. Ne2 Bc8 20. Bf6 Be7 21. Bxe7
Qxe7 22. Qxa5 h5 23. h3 Qh4 24. Kg1 Nce6 25. Ncd4 Ng5 26. Nf4 d5 27. Nde2 N7e6
28. Rf1 Nxf4 29. Nxf4 Qg3 30. Qd2 hxg4 31. fxg4 dxe4 32. Nh5 Nxh3+ 33. Kh1 Rxd2
34. Nxg3 Nf2+ 35. Rxf2 Rxd1+ 0-1